000 00524nam a22001817a 4500
003 SISC
005 20160331150918.0
008 130815t xxu||||| |||| 00| 0 eng d
020 _a04741057762
050 _aKF 6296
_b.Er71 1995
082 _aHS 343
_bEr6 1995
245 _aThe Ernst and Young tax-saving strategies guide 1995 /
_cedited by; Peter W. Bernstein
260 _aNew York :
_bJohn Wiley and Sons, Inc,
_cc1995.
300 _a286 p. :
_c20 cm.
650 _aTax
_910689
942 _2lcc
_cBK
999 _c8677
_d8677